Vertigo by Griff: all lyrics - Statistics

General Stats
  • This quiz has been taken 5 times
  • The average score is 238 of 379
Answer Stats
Answers % Correct
a
100%
and
100%
And
100%
me
100%
of
100%
vertigo
100%
You
100%
you
100%
(you
100%
your
100%
be
75%
go
75%
heights,
75%
I
75%
love,
75%
my
75%
on
75%
scared
75%
see
75%
that
75%
that's
75%
to
75%
touch
75%
wanted
75%
we
75%
You're
75%
all?
50%
all?)
50%
aren't
50%
ask?
50%
asking
50%
before
50%
But
50%
by
50%
called
50%
could
50%
do
50%
"Don't
50%
feel
50%
felt
50%
for
50%
For
50%
hand
50%
home
50%
I'm
50%
it
50%
just
50%
Just
50%
lifetime
50%
lights,
50%
Mexico
50%
minute
50%
much
50%
night
50%
Oh,
50%
or
50%
put
50%
secure,
50%
show
50%
take
50%
too
50%
was
50%
Was
50%
wasn't
50%
well,
50%
Well,
50%
(Well,
50%
what
50%
alive,
25%
away,
25%
broken
25%
'cause
25%
change
25%
chemical
25%
couldn't
25%
Couldn't
25%
dare
25%
down, "
25%
fix
25%
fixin'
25%
from
25%
got
25%
have
25%
heat,
25%
here)
25%
it's
25%
know
25%
left
25%
look
25%
make
25%
maybe
25%
new
25%
nothing
25%
one
25%
past
25%
problems,
25%
prove
25%
ran
25%
real
25%
Said,
25%
shame
25%
started
25%
such
25%
the
25%
then
25%
things
25%
Think
25%
thought
25%
took
25%
used
25%
wheel
25%
Yeah,
25%
Yeah
25%
tell
0%
No matching quizzes found
Score Distribution
Percent of People with Each Score
Percentile by Number Answered
Your Score History
You have not taken this quiz